|
|
|
|
| LEADER |
00877nam a22002291 4500 |
| 001 |
c000196132 |
| 003 |
CARM |
| 005 |
20021125001700.0 |
| 008 |
851003s1971 sp 0 spa d |
| 019 |
1 |
|
|a 3975019
|5 LACONCORD2021
|
| 035 |
|
|
|a (OCoLC)216971358
|5 LACONCORD2021
|
| 100 |
1 |
|
|a Turner, David,
|c playwright.
|
| 240 |
1 |
0 |
|a Semi-detached
|
| 245 |
1 |
3 |
|a El escaloncito :
|b una adaptacion libre por J.M.Bellido de la comedia en dos actos "Semi-detached" de D.Turner.
|
| 260 |
|
|
|a Madrid :
|b Excelicer,
|c 1971.
|
| 300 |
|
|
|a 74 pp.
|
| 440 |
|
0 |
|a Colección teatro ;
|v no.683
|
| 700 |
1 |
|
|a Bellido, Jose Maria.
|t Escaloncito.
|
| 852 |
8 |
|
|b CARM
|h A2:AK27A0
|i A03074
|p 0286176
|f BK
|
| 082 |
0 |
4 |
|a 822.9
|
| 999 |
f |
f |
|i 50afa304-4e5f-5af5-8bd4-7bae38994abb
|s 58a3e9f1-2198-5663-9d45-af61a99e5a20
|
| 952 |
f |
f |
|p Can circulate
|a CAVAL
|b CAVAL
|c CAVAL
|d CARM 1 Store
|e A03074
|f A2:AK27A0
|h Other scheme
|i book
|m 0286176
|